00514cam a2200181 a 4500001000800000005001700008008004100025010001700066020003800083040001800121041000800139080001700147082002100164100000800185101000700193245008100200504005100281394118720180917041559.0930223s1993 nyua b 001 0 eng  a 93009880  a0471599182 (alk. paper) :c$39.95 aDLCcDLCdDLC aeng a658.4012 BOA00a658.4012 BOA2201 aMEN a5314aThe art of strategic planning for information technology :cBernard H. Boar. aIncludes bibliographical references and index.